HTML 5 And CSS3 Transition, Transformation, And Animation (Record no. 335619)

MARC details
000 -LEADER
fixed length control field 00488nam a2200169Ia 4500
008 - FIXED-LENGTH DATA ELEMENTS--GENERAL INFORMATION
fixed length control field 230718s9999 xx 000 0 und d
020 ## - INTERNATIONAL STANDARD BOOK NUMBER
International Standard Book Number 9789351104209
041 ## - LANGUAGE CODE
Language code of text/sound track or separate title eng
082 ## - DEWEY DECIMAL CLASSIFICATION NUMBER
Classification number 005.678
Item number SHE
100 ## - MAIN ENTRY--PERSONAL NAME
Personal name Shenoy A.
9 (RLIN) 195891
245 ## - TITLE STATEMENT
Title HTML 5 And CSS3 Transition, Transformation, And Animation
260 ## - PUBLICATION, DISTRIBUTION, ETC. (IMPRINT)
Date of publication, distribution, etc. 2013
Name of publisher, distributor, etc. Packt/SPD
300 ## - PHYSICAL DESCRIPTION
Extent 118
365 ## - TRADE PRICE
Currency code Rs.
Price amount 275.00
700 ## - ADDED ENTRY--PERSONAL NAME
Personal name Shenoy A. & Guarini G.
9 (RLIN) 195892
906 ## - LOCAL DATA ELEMENT F, LDF (RLIN)
d O:0379903-Mar-2014B:486802-Jan-2014
c COMP
b 60.5
Holdings
Withdrawn status Lost status Damaged status Not for loan Home library Current library Date acquired Vendor Budget Code Cost, normal purchase price Bill number Total Checkouts Full call number Barcode Date last seen Discount Cost, replacement price Bill Date Koha item type Original Barcode
        Cummins College of Engineering for Women Pune Cummins College of Engineering for Women Pune 03/03/2014 Technical Book Services COMP 214.50 4868   005.678 CCEP-BK-46826 18/07/2023 60.5 275.00 02/01/2014 Books 046826